00417 2200157 4500001002100000008004100021035002000062245004800082100002600130260002500156300002200181020002200203084001400225082000800239990001200247INLIS000000000002778 IND  a0010-0925000125 aBidadari Tanpa SayapcAyu Agus Riyanti, SE. aAyu Agus Riyanti, SE. aJakartabZettuc2013 a300c(13 x 19 cm) a978-602-7999-23-7 a813 AYU c a813 a0755000